Claims management / (Record no. 152838)

MARC details
000 -LEADER
fixed length control field 00803nam a22002897a 4500
003 - CONTROL NUMBER IDENTIFIER
control field dpl
005 - DATE AND TIME OF LATEST TRANSACTION
control field 20180619145808.0
008 - FIXED-LENGTH DATA ELEMENTS--GENERAL INFORMATION
fixed length control field 180613b xxu||||| |||| 00| 0 eng d
010 ## - LIBRARY OF CONGRESS CONTROL NUMBER
LC control number B-181725
016 ## - NATIONAL BIBLIOGRAPHIC AGENCY CONTROL NUMBER
Record control number B-181725
020 ## - INTERNATIONAL STANDARD BOOK NUMBER
International Standard Book Number 817881049
035 ## - SYSTEM CONTROL NUMBER
System control number B-181725
037 ## - SOURCE OF ACQUISITION
Source of stock number/acquisition BPPD/PUB
040 ## - CATALOGING SOURCE
Original cataloging agency DPL
Language of cataloging EN
Transcribing agency 0
050 ## - LIBRARY OF CONGRESS CALL NUMBER
Classification number 658.812
082 ## - DEWEY DECIMAL CLASSIFICATION NUMBER
Classification number 658.812
Item number CLA
100 ## - MAIN ENTRY--PERSONAL NAME
Relator code Claims Management vol.iv
245 ## - TITLE STATEMENT
Title Claims management /
Statement of responsibility, etc by Board of editor
260 ## - PUBLICATION, DISTRIBUTION, ETC. (IMPRINT)
Place of publication, distribution, etc Hyderabad
Name of publisher, distributor, etc ICFAI University Press
Date of publication, distribution, etc 2003
270 ## - ADDRESS
Address 52, Nagarjuna Hills
City Hyderabad
Postal code 500082
300 ## - PHYSICAL DESCRIPTION
Extent vii,174,;
Other physical details 22cm9(pbk)
650 ## - SUBJECT ADDED ENTRY--TOPICAL TERM
Topical term or geographic name as entry element Insurance claims -- Management.
650 ## - SUBJECT ADDED ENTRY--TOPICAL TERM
Topical term or geographic name as entry element Insurance
700 ## - ADDED ENTRY--PERSONAL NAME
Personal name Board of editor
700 ## - ADDED ENTRY--PERSONAL NAME
Personal name U. Jawaharlal
942 ## - ADDED ENTRY ELEMENTS (KOHA)
Source of classification or shelving scheme Dewey Decimal Classification
Koha item type English Books
Classification part 658.812
Call number suffix CLA
Holdings
Withdrawn status Lost status Source of classification or shelving scheme Damaged status Not for loan Home library Current library Date acquired Source of acquisition Cost, normal purchase price Total Checkouts Full call number Barcode Date last seen Cost, replacement price Price effective from Koha item type Collection code
    Dewey Decimal Classification     Sarojini Nagar Sarojini Nagar 08/04/2019       658.812 CLA B-181708 08/04/2019   08/04/2019 English Books Non-fiction
    Dewey Decimal Classification     Sarojini Nagar Sarojini Nagar 12/04/2019       658.812 CLA B-181723 12/04/2019   12/04/2019 English Books Non-fiction
    Dewey Decimal Classification     Shahdara Branch Shahdara Branch 19/06/2018 BPPD/PUB 0.00   658.812 CLA b-181725 19/06/2018 0.00 19/06/2018 English Books  

© Delhi Public Library
Hit Counter
free hit counter